1 lettre, 1 animal (3) - Statistiques

Statistiques générales
  • Ce quiz a été pris 79 fois
  • Le résultat moyen est 9 sur 10
Statistiques - réponses
Hint Réponse % Correct
Gabelle Gazelle
98%
Couine Fouine
97%
Mambo Mamba
95%
Songe Singe
95%
Vermine Hermine
93%
Obis Ibis
93%
Lopin Lapin
93%
Laon Lion
92%
Mie Oie
90%
Plan Elan
87%
Aucun quiz correspondant
Distribution des résultats
% des personnes avec chaque résultat
Percentile par nombre de réponses
Votre historique - résultats
Vous n’avez pas pris ce quiz